| 000 | 00748nam a22002657a 4500 | ||
|---|---|---|---|
| 005 | 20190809084108.0 | ||
| 008 | 190624b xxu||||| |||| 00| 0 spa d | ||
| 020 | _a9786077854500 | ||
| 041 | _aspa | ||
| 082 | _a005.435 R263g | ||
| 100 |
_aRaya Cabrera, José Luis _99614 |
||
| 100 |
_aRaya González, Laura _914622 |
||
| 100 |
_aSantos González, Manuel _954781 |
||
| 100 |
_aMartínez Ruiz, Miguel Ángel _954782 |
||
| 245 | _aMáquina virtuales: guía de campo | ||
| 260 | _aMéxico | ||
| 260 | _bAlfaomega | ||
| 260 | _c2010 | ||
| 300 | _a240 páginas | ||
| 650 |
_aSISTEMAS VIRTUALES _954783 |
||
| 650 |
_aCOMPUTADORAS _913639 |
||
| 650 |
_aALMACENAMIENTO VIRTUAL _954784 |
||
| 650 |
_aMÁQUINAS VIRTUALES _954785 |
||
| 942 | _cBK | ||
| 999 |
_c12116 _d12116 |
||